| 000 | 00607nam a2200205 i 4500 | ||
|---|---|---|---|
| 001 | 52748 | ||
| 003 | ES-MaACL | ||
| 005 | 20230906162635.0 | ||
| 007 | t| | ||
| 008 | 030903s1985 fr ||||1| fre d | ||
| 020 | _a2-85199-377-1 | ||
| 100 | 1 |
_aDocottignies, Jean. _944959 |
|
| 245 | 1 | 0 |
_aKlossowski _b: notre prochain / _cJean Decottignies ; suivi d'un texte inédit de Pierre Klosswski. |
| 260 |
_aParis : _bHenri Veyrier, _c[1985] |
||
| 300 |
_a148 p. ; _c28 cm. |
||
| 500 | _aIndice. | ||
| 504 | _aBibliografĂa. | ||
| 700 | 1 |
_aKlossowski, Pierre. _968294 |
|
| 852 |
_aES-MaACL _jL-11605 _bR.113332 |
||
| 999 |
_c52748 _d52748 |
||